| 000 | 01555nam a2200229 a 4500 | ||
|---|---|---|---|
| 001 | BRCA_8915 | ||
| 005 | 20190320210446.0 | ||
| 008 | 220617s1764----sp-#######---#000-0#spa-# | ||
| 041 | _aspa | ||
| 044 | _asp | ||
| 084 |
_aCO85 _b.E45 1764 |
||
| 100 | 1 |
_aElizondo, Francisco Antonio _922171 |
|
| 245 | 1 | 0 |
_aPractica universal forense de los tribunales de esta corte, reales chancillerías de Valladolid, y Granada, y audiencia de Sevilla, su origen, jurisprudencia, y negocios de que conoce cada uno, con inhibición de los demás, con la fórmula de quantos Libelos abrazan todos los juicios, assi seculares, como eclesiásticos, seguidos en los tribunales inferiores, y superiores, con la diversidad de estilos, que padecen en el libelar, y exposición compendiosa de la materia, que abraza cada recurso _bobra utilissima para los señores ministros de todos los tribunales de esta corte, y fuera ella, jueces, assi seculares, como eclesiásticos, abogados, escribanos, procuradores, agentes, litigantes, y todas personas literatas _csu autor el Licenciado Don Francisco Antonio Elizondo; Dedicala al ilutrissimo señor Don Pedro Colon… |
| 260 |
_aMadrid _bPor Joachin Ibarra, calle de las Urosas _c1764 |
||
| 300 |
_a[10], 392 p. _c20 x 16 cm |
||
| 500 | _aCon privilegio | ||
| 500 | _aEstafo físico: presenta encuadernación en pergamino con cintas rotas, lomo desprendido y presencia de pez de plata | ||
| 650 | 1 | 4 |
_aDerecho procesal _yObras anteriores a 1800 _zEspaña _922172 |
| 700 | 1 |
_aColon, Pedro _922173 |
|
| 902 | _aCFM | ||
| 942 |
_2lcc _cB |
||
| 999 |
_c8566 _d8566 |
||